MARC

LEADER 00000nam a2200000Ia 4500
001 6146
008 160829s9999 xx 000 0 cat d
080 |a M-3-355 
100 1 |a Buxó de Abaigar, Joaquín,  |c marqués de Castell-Florite,  |d 1905-1979  |9 54201 
245 |a El Objetivo económico-social en los impuestos / Joaquín Buxó de Abaigar... 
260 |a Barcelona :  |b Diputación. Sección de Prensa, [1956?] 
300 |a 51 p. ;  |c 24 cm 
590 |a A la portada: 'Texto del discurso pronunciado el día 8 de mayo de 1956, en la Real Academia de Ciencias Morales y Políticas, por el miembro correspondiente de la misma, excelentísimo señor don Joaquín Buxo de Abaigar...' 
650 |a Barcelona. Diputació  |x Presidents  |x Discursos   |9 23126 
650 |a Impostos  |x Aspectes econòmics   |9 23130 
650 |a Impostos  |x Aspectes socials  |9 23131 
901 |a Arxiu 
942 |n 1 
952 |0 0  |1 0  |4 0  |6 M3355  |7 1  |9 42549  |a Arxiu  |b Arxiu  |d 2016-12-01  |l 0  |o M-3-355  |p 6146  |r 2016-12-01 00:00:00  |w 2016-12-01  |y ARXIU 
999 |c 45054  |d 45054